000 00630nam a2200229Ia 4500
003 OSt
005 20220924125820.0
006 a|||||r|||| 00| 0
007 ta
008 220923b |||||||| |||| 00| 0 per d
024 _a328003
037 _cTextual
040 _aARTS
_cARTS
_bper
041 _2per
_aper
082 _aO164,1NUMF,1, L9
100 _aFarruqi Umar Au.
_9198942
245 0 _aFasal sangeen ghurbat
260 _aTehran
_bIntasharat-e- rozbahan Iran
_c1979
650 _aPERSIAN POETRY
942 _hO164,1NUMF,1, L9
_cTEXL
_2CC
999 _c423398
_d423398